Obálka Náhled e-knihy:
Epub
Pro půjčování e-knih musíte být přihlášeni.
Jak si půjčit online?

The Sect /

Callous cults and colossal consequences... Hired by CEO Ferdinand Mesmer to find his estranged son Jakob, the founder of a notorious cult, Ravn quickly discovers he's not the first PI on this dark case - one has already vanished... As Ravn delves deeper, he realises that although the cult harbo...

Celý popis

Uloženo v:
Série:Detective Ravn Thrillers, část 3
Hlavní autor: Krefeld, Michael Katz (Autor)
Médium: E-kniha
Jazyk:Czech
Vydáno: Praha : Saga Egmont, 2026
Příbuzné jednotky:Z cyklu:: Detective Ravn Thrillers
Tagy:
Žádné tagy
LEADER 01930nam a22002417i 4500
001 302656
007 ta
008 260514s2026 xr ||||| |||| 00| 0 cze d
020 |a 9990004257931 
044 |a xr 
100 1 |a  Krefeld, Michael Katz  |4 aut 
245 1 0 |a The Sect /  |c  Krefeld, Michael Katz 
264 1 |a Praha :  |b Saga Egmont,  |c 2026 
300 |a 1 online zdroj (368 stran) 
336 |a text  |b txt  |2 rdacontent 
337 |a bez média  |b n  |2 rdamedia 
338 |a online zdroj  |b cr  |2 rdacarrier 
520 2 |a Callous cults and colossal consequences... Hired by CEO Ferdinand Mesmer to find his estranged son Jakob, the founder of a notorious cult, Ravn quickly discovers he's not the first PI on this dark case - one has already vanished... As Ravn delves deeper, he realises that although the cult harbors chilling secrets, it's the untold horrors in the Mesmer family's past that threaten catastrophic consequences for everyone... The haunting third book of Michael Katz Krefeld\'s acclaimed “Ravn” series is a pulse-pounding thriller from the Danish crime master that will leave you on the edge of your seat. Fans of Jo Nesbø and Peter Høeg will love this gritty, Nordic Noir series. Best-selling Danish crime author Michael Katz Krefeld is renowned for his Nordic Noir series featuring Detective Ravn. His gripping, fast-paced crime thrillers explore personal sacrifice and the fight against evil, all set against the atmospheric backdrop of Scandinavia. 
787 0 8 |g 3  |i Z cyklu:  |t Detective Ravn Thrillers 
910 |a RBIT002 
998 |d 425793  |a https://core.palmknihy.cz/api/books/425793/cover?tc73un  |b https://core.palmknihy.cz/api/books/425793/cover/400?tc73un  |c https://core.palmknihy.cz/api/books/425793/cover/50?tc73un  |e   |g 368  |i 9990004257931  |j https://core.palmknihy.cz/api/books/425793/preview.epub  |l   |q 49  |r 1  |s https://www.palmknihy.cz/kniha/425793  |t ebook  |y 2026  |z 1  |v Detective Ravn Thrillers  |w 3 
999 |d 302654